La Gestió del cicle inversor : un nou concepte per a l'obra pública / Carles Anglada i Casas ... [et al.] un nou concepte per a l'obra pública / Carles Anglada i Casas ... [et al.]
ISBN:
84-7794-662-0
Publicado:
[Barcelona] :
Diputació de Barcelona, Àrea de Cooperació, Oficina Tècnica de Cooperació ,
1999
Descripción Física:
59 p. : il. ; 24 cm
Colección:
OTC manuals de gestió
; 13
Otros Autores:
Anglada Casas, Carles
Idioma:
Catalán
MARC
| LEADER | 00000nam a2200000Ia 4500 | ||
|---|---|---|---|
| 001 | 12384 | ||
| 003 | Arxiu | ||
| 005 | 20260324175247.0 | ||
| 008 | 160829s1999 spc xx s cat c | ||
| 020 | |a 84-7794-662-0 | ||
| 040 | |a AGDB | ||
| 080 | |a M-2-91 | ||
| 245 | 0 | 3 | |a La Gestió del cicle inversor : |b un nou concepte per a l'obra pública / Carles Anglada i Casas ... [et al.] |
| 260 | |a [Barcelona] : |b Diputació de Barcelona, Àrea de Cooperació, Oficina Tècnica de Cooperació, |c 1999 | ||
| 300 | |a 59 p. : |b il. ; |c 24 cm | ||
| 490 | 1 | |a OTC manuals de gestió ; 13 |v 13 | |
| 650 | |a Obres públiques |9 38683 | ||
| 650 | |a Inversions públiques |9 23666 | ||
| 700 | |a Anglada Casas, Carles |9 23667 | ||
| 710 | |a Barcelona (Catalunya : Província). |b Oficina Tècnica de Cooperació |9 53580 | ||
| 830 | 0 | |9 56040 |a OTC manuals de gestió |v 13 | |
| 901 | |a Arxiu | ||
| 942 | |n 1 |2 udc |c ARXIU | ||
| 952 | |0 0 |1 0 |4 0 |6 M291 |7 1 |9 42802 |a Arxiu |b Arxiu |d 2016-12-01 |l 0 |o M-2-91 |p 12384 |r 2016-12-01 00:00:00 |w 2016-12-01 |y ARXIU | ||
| 999 | |c 45308 |d 45308 | ||